Gaming Quiz

Random Gaming Quiz

Hearthstone Abilities - League of Explorers Quiz Stats

 Plays Quiz not verified by Sporcle

Challenge
Share
Tweet
Embed
Score 0/45 Timer 07:00
0 Plays Today
Hint Answer % Correct
Battlecry: If your deck has no duplicates, fully heal your hero.Reno Jackson
93.9%
Deal 3 damage to all minions. Shuffle this card into your opponent's deck.Excavated Evil
93.9%
Whenever you cast a spell, summon a random minion of the same cost.Summoning Stone
90.9%
Battlecry: Shuffle the 'Map to the Golden Monkey' into your deck.Elise Starseeker
90.9%
Choose an enemy minion. Shuffle it into your deck.Entomb
90.9%
Give your minions +2/+2. Costs (1) less for each Murloc you control.Everyfin is Awesome
90.9%
Your cards cost (5).Naga Sea Witch
87.9%
Choose One - Discover a minion; or Discover a spell.Raven Idol
87.9%
Secret: After an opposing Hero Power is used, deal 5 damage to a random enemy.Dart Trap
87.9%
Secret: After your opponent has at least 3 minions and plays another, destroy it.Sacred Trial
87.9%
Summon 7 Murlocs that died this game.Anyfin can Happen
87.9%
Deathrattle: Add a Coin to your hand.Tomb Pillager
87.9%
Double all damage dealt to your hero.Cursed Blade
87.9%
Your Battlecries trigger twice.Brann Bronzebeard
84.8%
Give a minion +1/+1 and 'Deathrattle: Add an Explorer's Hat to your hand'.Explorer's Hat
84.8%
Battlecry: Set a minion's Attack and Health to 3.Keeper of Uldaman
84.8%
After you play a Battlecry minion, deal 2 damage to a random enemy.Rumbling Elemental
84.8%
Give your opponent a 'Cursed!' card. While they hold it, they take 2 damage on their turn.Curse of Rafaam
84.8%
1/1. No special Abilities.Murloc Tinyfin
81.8%
Battlecry: Discover a 3-Cost card.Jeweled Scarab
81.8%
Can't attack unless it's the only minion on the battlefield.Eerie Statue
81.8%
Deathrattle: Summon three 2/2 Runts.Wobbling Runts
81.8%
Your hero can only take 1 damage at a time.Animated Armor
81.8%
Hint Answer % Correct
2/1, Poisonous.Pit Snake
81.8%
3/4, Taunt.Fierce Monkey
81.8%
At the end of your turn, summon a 1/1 Scarab with Taunt.Obsidian Destroyer
81.8%
Battlecry: Discover a powerful Artifact.Arch-Thief Rafaam
78.8%
Both players have Spell Damage +2.Jungle Moonkin
78.8%
Battlecry: Put a 1-Cost minion from each deck into the battlefield.Desert Camel
78.8%
Whenever you Overload, gain +1 Attack per locked Mana Crystal.Tunnel Trogg
78.8%
Battlecry: Discover a 1-Cost card.Dark Peddler
78.8%
Battlecry: Shuffle an 'Ancient Curse' into your deck that deals 7 damage to you when drawn.Ancient Shade
75.8%
Battlecry: Discover a new basic Hero Power.Sir Finley Mrrgglton
75.8%
Deal 3 damage. Shuffle a 'Roaring Torch' into your deck that deals 6 damage.Forgotten Torch
75.8%
Battlecry: Discover a Deathrattle card.Museum Curator
75.8%
Battlecry: Choose a friendly minion. Gain a copy of its Deathrattle.Unearthed Raptor
75.8%
Battlecry: Discover a beast.Tomb Spider
72.7%
After you cast a spell on another friendly minion, cast a copy of it on this one.Djinni of Zephyrs
72.7%
Deathrattle: Summon a random 1-Cost minion.Mounted Raptor
72.7%
Battlecry: Discover a spell.Ethereal Conjurer
72.7%
Battlecry: If you have 6 other minions, gain +4/+4.Reliquary Seeker
72.7%
Deathrattle: Deal 1 damage to a random enemy.Huge Toad
69.7%
Battlecry: If you control another Mech, Discover a Mech.Gorillabot A-3
69.7%
Deathrattle: Give a random friendly minion +3/+3.Anubisath Sentinel
63.6%
Battlecry: If you control a Beast, gain Taunt.Fossilized Devilsaur
63.6%

You're not logged in!

Compare scores with friends on all Sporcle quizzes.
Join for Free
OR
Log In

You Might Also Like...

Show Comments

Extras

Created Jun 15, 2017ReportNominate
Tags:ability, explorer, hearthstone, league

Top Quizzes Today


Score Distribution

Your Account Isn't Verified!

In order to create a playlist on Sporcle, you need to verify the email address you used during registration. Go to your Sporcle Settings to finish the process.

Report this User

Report this user for behavior that violates our Community Guidelines.

Details: